00729nam a22002057a 4500999001900000003000400019082001400023100002100037245011200058260006600170300000900236500005900245546001200304700002500316700001700341700001700358700001300375942001300388952012200401 c192620d192620OSt aIIPS/1997 aNarasimhan, R. L aComparison of fertility estimates from India's sample registration system and national family health survey aMumbaibInternational institute for population sciencesc1997 a35p. aNational family health survey subject reports number 4 aEnglish aRetherford, Robert D aVinod Mishra aArnold, Fred aRoy, T K 2ddccREP 00102ddc40718REFaKAUCLVbKAUCLVcREPORTSd2019-08-31l0oIIPS/1997p207155r2019-08-31 00:00:00w2019-08-31yREP